Working Works In Spelling Level E / (Record no. 590)
[ view plain ]
| 000 -LEADER | |
|---|---|
| fixed length control field | 00612nam a2200229 a 4500 |
| 001 - CONTROL NUMBER | |
| JCCL Control Number | 590 |
| 003 - CONTROL NUMBER IDENTIFIER | |
| JCCL marc code | BD-JhCC |
| 005 - DATE AND TIME OF LATEST TRANSACTION | |
| control field | 20171007193832.0 |
| 008 - FIXED-LENGTH DATA ELEMENTS--GENERAL INFORMATION | |
| fixed length control field | 171007s19841985xxua|||| || | 000 0 eng d |
| 020 ## - INTERNATIONAL STANDARD BOOK NUMBER | |
| International Standard Book Number | 06692032848 |
| 035 ## - SYSTEM CONTROL NUMBER | |
| system control number | (BD-JhCC)590 |
| 040 ## - CATALOGING SOURCE | |
| Original cataloging agency | BD-JhCC |
| Modifying agency | BD-JhCC |
| 041 ## - LANGUAGE CODE | |
| Language code of Book | eng |
| 082 ## - DEWEY DECIMAL CLASSIFICATION NUMBER | |
| Classification number | 420.0 |
| Author mark and Year | WOO 1985 |
| 100 ## - MAIN ENTRY--PERSONAL NAME | |
| Personal name | Woodruff, G. Willard |
| 245 ## - TITLE STATEMENT | |
| Title | Working Works In Spelling Level E / |
| Statement of responsibility, etc | G. Willard Woodruff and George N. Moore |
| 300 ## - PHYSICAL DESCRIPTION | |
| Pagination | 176 p.; |
| Other physical details | ii |
| Dimensions | 22cm. |
| 650 ## - SUBJECT ADDED ENTRY--TOPICAL TERM | |
| Topical term or geographic name as entry element | English Language- Orthography Spelling |
| 700 ## - ADDED ENTRY--PERSONAL NAME | |
| Personal name | Moore, N. George |
| 942 ## - ADDED ENTRY ELEMENTS (KOHA) | |
| Source of classification or shelving scheme | Dewey Decimal Classification |
| Koha item type | Books |
| Source of classification or shelving scheme | Damaged status | Not for loan | Home library | Current library | Shelving location | Total Checkouts | Full call number | Barcode | Date last seen | Copy number | Koha item type |
|---|---|---|---|---|---|---|---|---|---|---|---|
| Dewey Decimal Classification | JCC Rouf Library | JCC Rouf Library | General Stacks | 420.0 WOO 1985 | 1146 | 10/07/2017 | C-1 | Books |